[Event "Quebec-ch qual U1400"]
[Site "Montreal CAN"]
[Date "2005.10.08"]
[Round "1"]
[White "Heilmann, Uwe"]
[Black "Griffin, Mel"]
[Result "1-0"]
[WhiteElo "1292"]
[BlackElo "1265"]
[PlyCount "129"]
[GameId "2160767910834479"]
[EventDate "2005.10.08"]
[EventType "swiss"]
[EventRounds "7"]
[EventCountry "CAN"]
[SourceTitle "EXT 2009"]
[Source "ChessBase"]
[SourceDate "2008.11.26"]
[SourceVersion "1"]
[SourceVersionDate "2008.11.26"]
[SourceQuality "1"]

1. e4 c5 2. Nf3 d6 3. Bc4 Nf6 4. d3 g6 5. Bd2 Bg7 6. Bc3 O-O 7. O-O Nbd7 8. Re1 e5 9. Nbd2 a6 10. a4 b6 11. b4 Bb7 12. b5 axb5 13. axb5 Qc7 14. Qb1 Rxa1 15. Qxa1 Ra8 16. Qb2 Re8 17. Qb3 Rf8 18. Ng5 Nb8 19. Bb2 Qd7 20. Re2 d5 21. exd5 Bxd5 22. Bc3 Bxc4 23. Nxc4 h6 24. Ne4 Nxe4 25. Rxe4 Qc7 26. Nxe5 Bxe5 27. Bxe5 Qd8 28. Qc3 Nd7 29. Bg7 Re8 30. Rxe8+ Qxe8 31. Bxh6 Qe5 32. Qxe5 Nxe5 33. Kf1 f6 34. Bf4 Kf7 35. Ke2 Ke6 36. c4 Kf5 37. Ke3 Nxd3 38. Kxd3 Kxf4 39. h4 f5 40. f3 Kg3 41. Ke3 Kxh4 42. Kf4 Kh5 43. g3 Kh6 44. Ke5 Kg5 45. Kd6 f4 46. g4 Kh4 47. Kc6 Kg3 48. Kxb6 Kxf3 49. Kxc5 Kxg4 50. b6 f3 51. b7 f2 52. b8=Q f1=Q 53. Qe5 Qf5 54. Kd4 Qf2+ 55. Kd5 Qf7+ 56. Qe6+ Qf5+ 57. Kd6 Kg5 58. c5 Qd3+ 59. Qd5+ Qf5 60. Qd2+ Kf6 61. Qd4+ Kf7 62. Qd5+ Qxd5+ 63. Kxd5 Ke7 64. Kc6 Kd8 65. Kb7 1-0

[Event "Quebec-ch qual U1400"]
[Site "Montreal CAN"]
[Date "2005.10.08"]
[Round "1"]
[White "Lopez Linares, Cesar"]
[Black "Descoteaux, Patrick"]
[Result "1-0"]
[WhiteElo "1246"]
[BlackElo "1333"]
[PlyCount "103"]
[GameId "2160767910834480"]
[EventDate "2005.10.08"]
[EventType "swiss"]
[EventRounds "7"]
[EventCountry "CAN"]
[SourceTitle "EXT 2009"]
[Source "ChessBase"]
[SourceDate "2008.11.26"]
[SourceVersion "1"]
[SourceVersionDate "2008.11.26"]
[SourceQuality "1"]

1. Nf3 Nc6 2. d4 d5 3. e3 f5 4. Bb5 Nf6 5. O-O Bd7 6. b3 e6 7. Bb2 Bd6 8. c4 a6 9. Bxc6 Bxc6 10. c5 Be7 11. Ne5 O-O 12. Nxc6 bxc6 13. Nd2 Ne4 14. Nf3 Bf6 15. Nd2 Rb8 16. f4 Nxc5 17. Qc2 Ne4 18. Nxe4 fxe4 19. Qxc6 Rb6 20. Qc2 Qd7 21. Rac1 Rc8 22. Ba3 c5 23. Bxc5 Qb5 24. Qd2 Rbc6 25. b4 Bd8 26. f5 exf5 27. Rxf5 Rf6 28. Rxd5 Qd3 29. Qxd3 exd3 30. Rd1 Bc7 31. Rxd3 Re6 32. Rf5 Rf6 33. Rf3 a5 34. Rxf6 gxf6 35. b5 Rb8 36. a4 Kf7 37. d5 Be5 38. Bd4 Bd6 39. Rc3 f5 40. Rc6 Ke7 41. Bc3 Ra8 42. h3 Kd7 43. Bd4 f4 44. exf4 Bxf4 45. Rf6 Bd2 46. Bc5 h6 47. Rf7+ Kc8 48. Kf2 Bb4 49. Rf8+ Kb7 50. Bxb4 axb4 51. Rxa8 b3 52. Re8 1-0

[Event "Quebec-ch qual U1400"]
[Site "Montreal CAN"]
[Date "2005.10.08"]
[Round "1"]
[White "Muscalu, Alexandru"]
[Black "Dupont, Claude"]
[Result "1-0"]
[WhiteElo "1286"]
[BlackElo "1385"]
[PlyCount "151"]
[GameId "2160767910834481"]
[EventDate "2005.10.08"]
[EventType "swiss"]
[EventRounds "7"]
[EventCountry "CAN"]
[SourceTitle "EXT 2009"]
[Source "ChessBase"]
[SourceDate "2008.11.26"]
[SourceVersion "1"]
[SourceVersionDate "2008.11.26"]
[SourceQuality "1"]

1. Nf3 Nf6 2. c4 e5 3. Nxe5 d6 4. Nf3 b6 5. g3 Bb7 6. Bg2 Be7 7. O-O Nbd7 8. Nc3 Ne5 9. Nxe5 Bxg2 10. Kxg2 dxe5 11. Qa4+ Nd7 12. Nd5 O-O 13. Nxe7+ Qxe7 14. b3 c5 15. Qc6 f6 16. Qd5+ Kh8 17. e3 Rfd8 18. Qe4 Nf8 19. Rd1 Ne6 20. h4 Rab8 21. Bb2 Rd6 22. Rac1 Qb7 23. Qxb7 Rxb7 24. Bc3 a5 25. Kf3 Rd3 26. Ke4 Rbd7 27. a3 Kg8 28. b4 axb4 29. axb4 cxb4 30. Bxb4 Nc5+ 31. Bxc5 bxc5 32. Rc2 Kf7 33. Rb2 Ke6 34. g4 g6 35. Kf3 f5 36. gxf5+ gxf5 37. Ke2 e4 38. Rb6+ R3d6 39. Rdb1 Kf7 40. Rxd6 Rxd6 41. Rb5 Rc6 42. f3 Kg6 43. fxe4 fxe4 44. Kf2 Rf6+ 45. Kg2 Rf5 46. Kg3 Kh5 47. Kg2 Kxh4 48. Rb7 Rg5+ 49. Kf2 Rf5+ 50. Ke2 Re5 51. Rxh7+ Kg5 52. Rf7 Kg6 53. Rf4 Kg5 54. d3 exd3+ 55. Kxd3 Re8 56. Ke2 Re7 57. Rf8 Re4 58. Kd3 Re5 59. Rd8 Kf6 60. Rd5 Ke6 61. e4 Kf6 62. Rxe5 Kxe5 63. Ke3 Kf6 64. Kf4 Ke6 65. e5 Kf7 66. Kf5 Ke7 67. e6 Ke8 68. Kf6 Kf8 69. Ke5 Ke7 70. Kd5 Ke8 71. Kxc5 Ke7 72. Kd5 Ke8 73. Kd6 Kd8 74. c5 Ke8 75. e7 Kf7 76. Kd7 1-0

[Event "Quebec-ch qual U1400"]
[Site "Montreal CAN"]
[Date "2005.10.08"]
[Round "1"]
[White "Rehel, Darryl"]
[Black "Michaud, Pierre"]
[Result "1-0"]
[WhiteElo "1387"]
[BlackElo "1293"]
[PlyCount "137"]
[GameId "2160767910834482"]
[EventDate "2005.10.08"]
[EventType "swiss"]
[EventRounds "7"]
[EventCountry "CAN"]
[SourceTitle "EXT 2009"]
[Source "ChessBase"]
[SourceDate "2008.11.26"]
[SourceVersion "1"]
[SourceVersionDate "2008.11.26"]
[SourceQuality "1"]

1. e4 e5 2. f4 Nc6 3. Nf3 exf4 4. d4 d6 5. Bxf4 Nf6 6. Nc3 Be7 7. Be2 a6 8. O-O O-O 9. a3 b5 10. Qd3 Na5 11. Nd2 Re8 12. Qg3 c5 13. d5 Nb7 14. Qf2 Ng4 15. Bxg4 Bxg4 16. Bg3 Bh5 17. Rae1 Bf8 18. Ne2 Bxe2 19. Qxf7+ Kh8 20. Rxe2 Qe7 21. Qf3 c4 22. Ref2 Nc5 23. Bh4 g5 24. Bg3 Bg7 25. c3 Nd3 26. Re2 Nxb2 27. Nb1 Nd3 28. Qf7 Ra7 29. Qh5 Be5 30. Rf5 Rg8 31. Qg4 a5 32. Rf3 Nf4 33. Rc2 Qg7 34. Bxf4 gxf4 35. Qh4 Qg6 36. Qe1 Qh5 37. Rcf2 Rag7 38. Nd2 Qh4 39. Qf1 Qf6 40. Qc1 Qd8 41. Qb2 Qb6 42. Kf1 Qc5 43. h3 Rg3 44. Re2 b4 45. axb4 axb4 46. Qxb4 Qxb4 47. cxb4 c3 48. Rxg3 fxg3 49. Nf3 Rf8 50. Rc2 Rf4 51. b5 Rxe4 52. Nxe5 Rxe5 53. Rxc3 Rxd5 54. b6 Rb5 55. Rc6 d5 56. Ke2 Kg8 57. Kd3 Rb1 58. Kd4 Kf7 59. Kxd5 Rd1+ 60. Ke4 Rb1 61. Ke5 Rb4 62. Kd6 Rb2 63. Kc7 Rxg2 64. b7 Rb2 65. b8=Q g2 66. Qxb2 g1=Q 67. Qf6+ Kg8 68. Kc8 Qa7 69. Qd8+ 1-0

[Event "Quebec-ch qual U1400"]
[Site "Montreal CAN"]
[Date "2005.10.08"]
[Round "1"]
[White "Trottier, Luc"]
[Black "Landou, Mohamed"]
[Result "1-0"]
[WhiteElo "1358"]
[BlackElo "1326"]
[PlyCount "73"]
[GameId "2160767910834483"]
[EventDate "2005.10.08"]
[EventType "swiss"]
[EventRounds "7"]
[EventCountry "CAN"]
[SourceTitle "EXT 2009"]
[Source "ChessBase"]
[SourceDate "2008.11.26"]
[SourceVersion "1"]
[SourceVersionDate "2008.11.26"]
[SourceQuality "1"]

1. d4 d5 2. Nf3 c6 3. Bf4 Nf6 4. Nc3 Bg4 5. Ne5 Bf5 6. e3 Nbd7 7. Bd3 Bxd3 8. Qxd3 Nh5 9. Qf5 Nxe5 10. Bxe5 Nf6 11. O-O-O e6 12. Qf3 Nd7 13. Bg3 c5 14. e4 cxd4 15. Rxd4 Bc5 16. Rd2 d4 17. Rhd1 Qa5 18. Kb1 e5 19. Nd5 f6 20. Qg4 g6 21. Qe6+ Kd8 22. Nxf6 Qc7 23. Nxd7 Qxd7 24. Qf6+ Kc7 25. Bxe5+ Bd6 26. Rxd4 Rhf8 27. Bxd6+ Kc8 28. Qxf8+ Qd8 29. Rc4+ Kd7 30. Bc7+ Ke6 31. Rxd8 Rxd8 32. Qxd8 b5 33. Rc6+ Kf7 34. Qf6+ Ke8 35. Bf4 g5 36. Rc7 gxf4 37. Qe7# 1-0

[Event "Quebec-ch qual U1400"]
[Site "Montreal CAN"]
[Date "2005.10.08"]
[Round "1"]
[White "Walker, Claude"]
[Black "Raymond, Gilles N"]
[Result "1-0"]
[WhiteElo "1194"]
[BlackElo "1064"]
[PlyCount "57"]
[GameId "2160767910834484"]
[EventDate "2005.10.08"]
[EventType "swiss"]
[EventRounds "7"]
[EventCountry "CAN"]
[SourceTitle "EXT 2009"]
[Source "ChessBase"]
[SourceDate "2008.11.26"]
[SourceVersion "1"]
[SourceVersionDate "2008.11.26"]
[SourceQuality "1"]

1. d4 Nf6 2. c4 e6 3. Nc3 Bb4 4. e3 d5 5. Nf3 Nc6 6. Bd2 a6 7. Qc2 O-O 8. Bd3 g6 9. O-O Bxc3 10. Bxc3 Re8 11. a3 b5 12. cxb5 Ne7 13. Rfc1 Qd7 14. Ne5 Qd8 15. Ba5 Ra7 16. Bxc7 Rxc7 17. Qxc7 Nd7 18. Qxd8 Rxd8 19. Rc7 f6 20. Nxd7 Bxd7 21. bxa6 Nc6 22. Bb5 Nb8 23. Bxd7 Nxd7 24. Rac1 Kf8 25. Rc8 Ke8 26. a7 Nb6 27. Rxd8+ Kxd8 28. a4 Na8 29. b4 1-0

[Event "Quebec-ch qual U1400"]
[Site "Montreal CAN"]
[Date "2005.10.08"]
[Round "2"]
[White "Allard, Laurent"]
[Black "Lopez Linares, Cesar"]
[Result "0-1"]
[WhiteElo "1343"]
[BlackElo "1246"]
[PlyCount "46"]
[GameId "2160767910834485"]
[EventDate "2005.10.08"]
[EventType "swiss"]
[EventRounds "7"]
[EventCountry "CAN"]
[SourceTitle "EXT 2009"]
[Source "ChessBase"]
[SourceDate "2008.11.26"]
[SourceVersion "1"]
[SourceVersionDate "2008.11.26"]
[SourceQuality "1"]

1. e4 Nc6 2. d4 d5 3. e5 Bf5 4. c3 e6 5. Bd3 Nge7 6. Bg5 Bxd3 7. Qxd3 h6 8. Bh4 Qd7 9. Nd2 Nf5 10. Bg3 Be7 11. Ngf3 g5 12. Nf1 Na5 13. Ne3 b6 14. Ng4 O-O-O 15. O-O-O Kb7 16. Ne3 h5 17. h4 Nxg3 18. fxg3 g4 19. Nd2 Bf8 20. Rhf1 Bh6 21. Rf2 Qa4 22. Kb1 Bxe3 23. Qxe3 Qxd1# 0-1

[Event "Quebec-ch qual U1400"]
[Site "Montreal CAN"]
[Date "2005.10.08"]
[Round "2"]
[White "Charbonneau, Olivier"]
[Black "Rehel, Darryl"]
[Result "1-0"]
[WhiteElo "1276"]
[BlackElo "1387"]
[PlyCount "55"]
[GameId "2160767910834486"]
[EventDate "2005.10.08"]
[EventType "swiss"]
[EventRounds "7"]
[EventCountry "CAN"]
[SourceTitle "EXT 2009"]
[Source "ChessBase"]
[SourceDate "2008.11.26"]
[SourceVersion "1"]
[SourceVersionDate "2008.11.26"]
[SourceQuality "1"]

1. d4 f5 2. Nc3 e6 3. Nf3 Nf6 4. Bg5 Be7 5. e3 O-O 6. Bd3 b6 7. O-O Bb7 8. Be2 c5 9. Re1 Nc6 10. d5 exd5 11. Nxd5 Nxd5 12. Qxd5+ Kh8 13. Bxe7 Qxe7 14. Rad1 Rad8 15. c3 d6 16. Qd2 Ne5 17. Nxe5 dxe5 18. Qc1 Qg5 19. f3 e4 20. f4 Qf6 21. Rxd8 Rxd8 22. Rd1 g5 23. Rxd8+ Qxd8 24. g3 gxf4 25. gxf4 Qd5 26. b3 a6 27. Qb2 Kg8 28. Bc4 1-0

[Event "Quebec-ch qual U1400"]
[Site "Montreal CAN"]
[Date "2005.10.08"]
[Round "2"]
[White "Descoteaux, Patrick"]
[Black "Miron, Gilles"]
[Result "0-1"]
[WhiteElo "1333"]
[BlackElo "1268"]
[PlyCount "118"]
[GameId "2160767910834487"]
[EventDate "2005.10.08"]
[EventType "swiss"]
[EventRounds "7"]
[EventCountry "CAN"]
[SourceTitle "EXT 2009"]
[Source "ChessBase"]
[SourceDate "2008.11.26"]
[SourceVersion "1"]
[SourceVersionDate "2008.11.26"]
[SourceQuality "1"]

1. e4 e6 2. Nf3 d5 3. Nc3 d4 4. Nb5 c5 5. c3 a6 6. Na3 Nc6 7. cxd4 Nxd4 8. Nxd4 Qxd4 9. d3 Bd7 10. Nc4 Bc6 11. Be3 Qd8 12. Be2 Qc7 13. O-O Rd8 14. g3 e5 15. Bd2 b6 16. Bc3 f6 17. Qb3 Rb8 18. Nxe5 fxe5 19. Qe6+ Ne7 20. Bxe5 Qb7 21. Bxb8 Qxb8 22. Rac1 Bd7 23. Qb3 Nc6 24. Qc3 Nd4 25. Bh5+ g6 26. Bd1 Bg7 27. Qd2 O-O 28. Rb1 Bh3 29. Re1 Qe5 30. f4 Qd6 31. e5 Qc6 32. Rc1 Bc8 33. Re4 Bb7 34. Kf2 Kh8 35. b4 Qb5 36. Re1 Ne6 37. bxc5 Nxc5 38. Be2 Qd7 39. Bf3 Bxf3 40. Kxf3 Qb7+ 41. Ke3 Rd8 42. d4 Qe4+ 43. Kf2 Nd3+ 44. Kf1 Qh1+ 45. Ke2 Nxe1 46. Qxe1 Qe4+ 47. Kf2 Qxd4+ 48. Kf1 Bf8 49. Qc3 Qxc3 50. Rxc3 Bc5 51. Ke2 Kg7 52. Rd3 Rxd3 53. Kxd3 Bg1 54. Ke4 Bxh2 55. g4 Kf7 56. f5 gxf5+ 57. gxf5 Bxe5 58. Kxe5 h5 59. Kf4 Kf6 0-1

[Event "Quebec-ch qual U1400"]
[Site "Montreal CAN"]
[Date "2005.10.08"]
[Round "2"]
[White "Dupont, Claude"]
[Black "Bond, Yvon"]
[Result "0-1"]
[WhiteElo "1385"]
[BlackElo "1294"]
[PlyCount "70"]
[GameId "2160767910834488"]
[EventDate "2005.10.08"]
[EventType "swiss"]
[EventRounds "7"]
[EventCountry "CAN"]
[SourceTitle "EXT 2009"]
[Source "ChessBase"]
[SourceDate "2008.11.26"]
[SourceVersion "1"]
[SourceVersionDate "2008.11.26"]
[SourceQuality "1"]

1. e4 e5 2. Nf3 Nc6 3. Bc4 Be7 4. Nc3 Nf6 5. Ng5 O-O 6. Qf3 Nd4 7. Qd3 d6 8. Nxf7 Rxf7 9. Bxf7+ Kxf7 10. Ne2 Nc6 11. a3 Be6 12. h3 Qd7 13. b4 b6 14. Bb2 Kg8 15. Qe3 d5 16. d3 Rd8 17. O-O-O d4 18. Qd2 a6 19. Kb1 Na7 20. f4 c5 21. bxc5 Bxc5 22. fxe5 Ne8 23. c4 Nc6 24. Rhf1 Nxe5 25. Qf4 Ng6 26. Qf2 Qd6 27. Ka2 b5 28. Nf4 Nxf4 29. Qxf4 Qe7 30. Kb3 Nd6 31. Kc2 bxc4 32. Qe5 cxd3+ 33. Kc1 d2+ 34. Rxd2 Nc4 35. Rd3 Nxe5 0-1

[Event "Quebec-ch qual U1400"]
[Site "Montreal CAN"]
[Date "2005.10.08"]
[Round "2"]
[White "Fabry, Christian"]
[Black "Lepine, Cedric"]
[Result "1/2-1/2"]
[WhiteElo "1379"]
[BlackElo "1248"]
[PlyCount "84"]
[GameId "2160767910834489"]
[EventDate "2005.10.08"]
[EventType "swiss"]
[EventRounds "7"]
[EventCountry "CAN"]
[SourceTitle "EXT 2009"]
[Source "ChessBase"]
[SourceDate "2008.11.26"]
[SourceVersion "1"]
[SourceVersionDate "2008.11.26"]
[SourceQuality "1"]

1. e4 d5 2. exd5 Qxd5 3. Nc3 Qa5 4. Bc4 Nf6 5. d4 Bf5 6. Bf4 Nc6 7. Nge2 e6 8. O-O Bd6 9. Bxd6 cxd6 10. Ng3 Bg6 11. Re1 d5 12. Bb3 O-O 13. Qd2 Rac8 14. Nge2 Ne4 15. Nxe4 Bxe4 16. Qxa5 Nxa5 17. Nc3 Nxb3 18. cxb3 Bg6 19. Rad1 Rc6 20. f3 a5 21. Re3 Rb8 22. Rde1 h6 23. a4 b6 24. g4 Re8 25. Nxd5 Rc2 26. R3e2 Rd8 27. Ne7+ Kh7 28. Nxg6 Rxe2 29. Rxe2 Kxg6 30. Rd2 Kg5 31. Kf2 Kf4 32. h4 e5 33. d5 e4 34. Rd4 Ke5 35. Rxe4+ Kxd5 36. Re7 Rf8 37. Ke3 Kc5 38. Rb7 g5 39. hxg5 hxg5 40. Ke4 Kc6 41. Re7 Kd6 42. Rb7 Kc6 1/2-1/2

[Event "Quebec-ch qual U1400"]
[Site "Montreal CAN"]
[Date "2005.10.08"]
[Round "2"]
[White "Landou, Mohamed"]
[Black "Gaudet, Francis"]
[Result "1-0"]
[WhiteElo "1326"]
[BlackElo "1338"]
[PlyCount "123"]
[GameId "2160767910834490"]
[EventDate "2005.10.08"]
[EventType "swiss"]
[EventRounds "7"]
[EventCountry "CAN"]
[SourceTitle "EXT 2009"]
[Source "ChessBase"]
[SourceDate "2008.11.26"]
[SourceVersion "1"]
[SourceVersionDate "2008.11.26"]
[SourceQuality "1"]

1. e4 e6 2. d4 d5 3. Nf3 dxe4 4. Ng5 Nf6 5. Nc3 Nc6 6. Be3 Bb4 7. Bc4 h6 8. Nh3 a6 9. a3 Bxc3+ 10. bxc3 b5 11. Ba2 O-O 12. O-O e5 13. dxe5 Nxe5 14. Nf4 Bg4 15. Qd4 Qxd4 16. cxd4 Nc4 17. Bc1 Bf5 18. c3 c6 19. Bb1 g5 20. Ne2 Rfe8 21. Ng3 Bg6 22. Re1 Re7 23. a4 Rae8 24. axb5 axb5 25. Rf1 Nd5 26. Ne2 Bh5 27. Ng3 Bg6 28. Ne2 f5 29. Ra6 Re6 30. Ba2 Kg7 31. Bxc4 bxc4 32. Bb2 f4 33. Ra4 f3 34. gxf3 exf3 35. Nc1 Re1 36. Rxc4 R8e6 37. Rc5 Nf4 38. h3 Nxh3+ 39. Kh2 Rxf1 40. Kxh3 Rxf2 41. d5 cxd5 42. Rb5 Bf5+ 43. Kg3 Rg2+ 44. Kxf3 Be4+ 45. Ke3 d4+ 46. Kxd4 Rd2+ 47. Ke3 Rd7 48. c4+ Kg6 49. Be5 Bc6 50. Rc5 Kf5 51. Nd3 Be4 52. Bc3+ Kg6 53. Ne5+ Kh5 54. Nxd7 Bc6+ 55. Kf2 Bxd7 56. Rc7 Re7 57. c5 Rf7+ 58. Kg3 g4 59. c6 Rf3+ 60. Kg2 Bf5 61. Bg7 Be4 62. Kg1 1-0

[Event "Quebec-ch qual U1400"]
[Site "Montreal CAN"]
[Date "2005.10.09"]
[Round "3"]
[White "Charbonneau, Yves"]
[Black "Charbonneau, Olivier"]
[Result "1/2-1/2"]
[WhiteElo "1234"]
[BlackElo "1276"]
[PlyCount "74"]
[GameId "2160767910834491"]
[EventDate "2005.10.08"]
[EventType "swiss"]
[EventRounds "7"]
[EventCountry "CAN"]
[SourceTitle "EXT 2009"]
[Source "ChessBase"]
[SourceDate "2008.11.26"]
[SourceVersion "1"]
[SourceVersionDate "2008.11.26"]
[SourceQuality "1"]

1. e4 e6 2. d4 d5 3. e5 c5 4. c3 Nc6 5. Nf3 Qb6 6. Be2 cxd4 7. cxd4 Nge7 8. Na3 Nf5 9. Nc2 Nb4 10. Nxb4 Bxb4+ 11. Bd2 Bd7 12. O-O Bxd2 13. Qxd2 O-O 14. Rfd1 Bb5 15. Bxb5 Qxb5 16. a4 Qd7 17. Rdc1 Rfc8 18. a5 Rxc1+ 19. Rxc1 Rc8 20. Rxc8+ Qxc8 21. g4 Ne7 22. Ng5 h6 23. Nf3 Nc6 24. g5 h5 25. Qc2 g6 26. b4 Qd7 27. Qc5 Qe7 28. Qd6 Kf8 29. b5 Qxd6 30. exd6 Nd8 31. Ne5 a6 32. bxa6 bxa6 33. Nd7+ Ke8 34. Nf6+ Kf8 35. Nd7+ Ke8 36. Nf6+ Kf8 37. Nd7+ Ke8 1/2-1/2

[Event "Quebec-ch qual U1400"]
[Site "Montreal CAN"]
[Date "2005.10.09"]
[Round "3"]
[White "Dupont, Claude"]
[Black "Paquin, Mario"]
[Result "1-0"]
[WhiteElo "1385"]
[BlackElo "1214"]
[PlyCount "133"]
[GameId "2160767910834492"]
[EventDate "2005.10.08"]
[EventType "swiss"]
[EventRounds "7"]
[EventCountry "CAN"]
[SourceTitle "EXT 2009"]
[Source "ChessBase"]
[SourceDate "2008.11.26"]
[SourceVersion "1"]
[SourceVersionDate "2008.11.26"]
[SourceQuality "1"]

1. e4 g6 2. d4 Bg7 3. Nf3 e6 4. Nc3 Nc6 5. Bb5 Nge7 6. Bg5 f6 7. Be3 a6 8. Be2 d5 9. exd5 Nxd5 10. Nxd5 Qxd5 11. c4 Qd7 12. a3 O-O 13. b4 Ne7 14. Qb3 c6 15. Rd1 Qc7 16. O-O Nf5 17. d5 Rd8 18. dxc6 bxc6 19. Rxd8+ Qxd8 20. Rd1 Qc7 21. c5 Ne7 22. Bc4 Nd5 23. Bc1 Rb8 24. g3 Qf7 25. Bb2 a5 26. Bxd5 exd5 27. Qa4 Qc7 28. Bc3 axb4 29. axb4 Bg4 30. Rd3 Re8 31. Nd4 Be2 32. Re3 Rxe3 33. fxe3 Qe5 34. Nxe2 Qxe3+ 35. Kf1 Qf3+ 36. Ke1 Qh1+ 37. Kd2 Bh6+ 38. Kc2 Qe4+ 39. Kb3 Qxe2 40. Qxc6 Qd1+ 41. Ka2 Qc2+ 42. Bb2 Bc1 43. Qxf6 Qa4+ 44. Kb1 Bxb2 45. Qxb2 Qd1+ 46. Ka2 Qa4+ 47. Qa3 Qb5 48. Qa8+ Kg7 49. Qxd5 Qxb4 50. Qd7+ Kh6 51. c6 Qc4+ 52. Ka3 Qa6+ 53. Kb4 Qb6+ 54. Kc4 Qa6+ 55. Kc5 Qa5+ 56. Kd6 Qd2+ 57. Ke7 Qxh2 58. c7 Qe2+ 59. Kd8 Qe5 60. c8=Q Qxg3 61. Qh3+ Qxh3 62. Qxh3+ Kg7 63. Ke7 h5 64. Ke6 Kh6 65. Kf6 g5 66. Qe3 h4 67. Qxg5+ 1-0

[Event "Quebec-ch qual U1400"]
[Site "Montreal CAN"]
[Date "2005.10.09"]
[Round "3"]
[White "Fabry, Christian"]
[Black "Ouimet, Olivier"]
[Result "1-0"]
[WhiteElo "1379"]
[BlackElo "1329"]
[PlyCount "69"]
[GameId "2160767910834493"]
[EventDate "2005.10.08"]
[EventType "swiss"]
[EventRounds "7"]
[EventCountry "CAN"]
[SourceTitle "EXT 2009"]
[Source "ChessBase"]
[SourceDate "2008.11.26"]
[SourceVersion "1"]
[SourceVersionDate "2008.11.26"]
[SourceQuality "1"]

1. e4 c5 2. c3 d6 3. d4 cxd4 4. cxd4 Nf6 5. Nc3 g6 6. Nf3 Bg7 7. Bb5+ Bd7 8. Qa4 a6 9. Bxd7+ Qxd7 10. Qb3 b5 11. Ng5 O-O 12. e5 dxe5 13. dxe5 Ng4 14. e6 Qd4 15. exf7+ Kh8 16. O-O Qe5 17. g3 Nh6 18. Bf4 Qf5 19. Nd5 Nxf7 20. Nxe7 Nxg5 21. Nxf5 Rxf5 22. Rad1 Nh3+ 23. Kh1 Nxf4 24. Rd8+ Bf8 25. Qc3+ Kg8 26. gxf4 Rxf4 27. Qc7 Rc4 28. Qb7 Nc6 29. Qxa8 Kg7 30. Rxf8 Kh6 31. Rg1 a5 32. Rf6 Nd4 33. Qf8+ Kh5 34. Qg7 a4 35. Qxh7# 1-0

[Event "Quebec-ch qual U1400"]
[Site "Montreal CAN"]
[Date "2005.10.09"]
[Round "3"]
[White "Griffin, Mel"]
[Black "Bond, Yvon"]
[Result "1-0"]
[WhiteElo "1265"]
[BlackElo "1294"]
[PlyCount "57"]
[GameId "2160767910834494"]
[EventDate "2005.10.08"]
[EventType "swiss"]
[EventRounds "7"]
[EventCountry "CAN"]
[SourceTitle "EXT 2009"]
[Source "ChessBase"]
[SourceDate "2008.11.26"]
[SourceVersion "1"]
[SourceVersionDate "2008.11.26"]
[SourceQuality "1"]

1. e4 c5 2. Nf3 d6 3. Nc3 Nf6 4. d3 g6 5. Be2 Bg7 6. Bg5 Nbd7 7. Qd2 h6 8. Be3 O-O 9. O-O a6 10. Bxh6 b5 11. Bxg7 Kxg7 12. Rfe1 Rh8 13. Nd5 Rh6 14. Qf4 Nxd5 15. exd5 Nf6 16. Ng5 Qh8 17. Bf3 Bd7 18. Rxe7 Rf8 19. Rae1 Rh4 20. Qg3 Bg4 21. Ne6+ Kg8 22. Nxf8 Kxf8 23. Bxg4 Rxg4 24. Qxd6 Kg7 25. Qc7 Qg8 26. R1e6 Nxd5 27. Qe5+ Kh6 28. Re8 Qg7 29. Rh8+ 1-0

[Event "Quebec-ch qual U1400"]
[Site "Montreal CAN"]
[Date "2005.10.09"]
[Round "3"]
[White "Michaud, Pierre"]
[Black "Poulin, Richard"]
[Result "1/2-1/2"]
[WhiteElo "1293"]
[BlackElo "1208"]
[PlyCount "123"]
[GameId "2160767910834495"]
[EventDate "2005.10.08"]
[EventType "swiss"]
[EventRounds "7"]
[EventCountry "CAN"]
[SourceTitle "EXT 2009"]
[Source "ChessBase"]
[SourceDate "2008.11.26"]
[SourceVersion "1"]
[SourceVersionDate "2008.11.26"]
[SourceQuality "1"]

1. e4 e6 2. Nf3 d5 3. exd5 exd5 4. d4 Nf6 5. Bd3 Be7 6. O-O Bg4 7. Nbd2 Nc6 8. c3 O-O 9. Qc2 Bh5 10. Ne5 Bd6 11. f4 Ne7 12. Ndf3 c5 13. dxc5 Bxc5+ 14. Nd4 Rc8 15. Qb3 Bxd4+ 16. cxd4 b6 17. Be3 Ne4 18. f5 f6 19. Nf3 Nxf5 20. Bxe4 Nxe3 21. Bxh7+ Kxh7 22. Qxe3 Re8 23. Qd2 Kg8 24. Rac1 Rxc1 25. Rxc1 Bxf3 26. gxf3 Qe7 27. Kf2 Qd6 28. Kg2 Qe7 29. Rc2 Qe3 30. Qxe3 Rxe3 31. Kf2 Rd3 32. Ke2 Rxd4 33. Rc7 Rh4 34. h3 Rxh3 35. Rxa7 Rh2+ 36. Kd3 Rxb2 37. Ra8+ Kf7 38. Ra6 Kg6 39. Ra3 Kf5 40. Kc3 Rg2 41. Kd4 Rd2+ 42. Kc3 Rd1 43. Kc2 Rf1 44. Kd2 g5 45. Ke2 Rh1 46. Rb3 Rh2+ 47. Ke3 Rxa2 48. Rxb6 Ra3+ 49. Ke2 d4 50. Rd6 Ke5 51. Rd8 Re3+ 52. Kf2 Rd3 53. Ke2 Re3+ 54. Kf2 f5 55. Re8+ Kf4 56. Rd8 Rxf3+ 57. Kg2 d3 58. Rd4+ Ke3 59. Rd6 d2 60. Re6+ Kf4 61. Rd6 Ke3 62. Re6+ 1/2-1/2

[Event "Quebec-ch qual U1400"]
[Site "Montreal CAN"]
[Date "2005.10.09"]
[Round "3"]
[White "Miron, Gilles"]
[Black "Neumark-Gaudet, Zev"]
[Result "1-0"]
[WhiteElo "1268"]
[BlackElo "1315"]
[PlyCount "57"]
[GameId "2160767910834496"]
[EventDate "2005.10.08"]
[EventType "swiss"]
[EventRounds "7"]
[EventCountry "CAN"]
[SourceTitle "EXT 2009"]
[Source "ChessBase"]
[SourceDate "2008.11.26"]
[SourceVersion "1"]
[SourceVersionDate "2008.11.26"]
[SourceQuality "1"]

1. e4 d5 2. exd5 Qxd5 3. Nc3 Qa5 4. d4 c6 5. Nf3 Nf6 6. Bd3 Bg4 7. Bf4 e6 8. O-O Bb4 9. Ne4 Nxe4 10. Bxe4 Nd7 11. a3 Be7 12. Qd3 Nf6 13. c3 O-O 14. Nd2 Nxe4 15. Qxe4 Bf5 16. Qe3 Rfd8 17. Qg3 Qd5 18. Rfe1 Bd6 19. Bxd6 Qxd6 20. Qh4 c5 21. Nc4 Qc7 22. dxc5 Qxc5 23. Ne5 Rd2 24. Nc4 Rd5 25. Ne3 Re5 26. Rad1 Re4 27. Rd8+ Rxd8 28. Qxd8+ Qf8 29. Qc7 1-0

[Event "Quebec-ch qual U1400"]
[Site "Montreal CAN"]
[Date "2005.10.09"]
[Round "3"]
[White "Muscalu, Alexandru"]
[Black "Allard, Laurent"]
[Result "0-1"]
[WhiteElo "1286"]
[BlackElo "1343"]
[PlyCount "120"]
[GameId "2160767910834497"]
[EventDate "2005.10.08"]
[EventType "swiss"]
[EventRounds "7"]
[EventCountry "CAN"]
[SourceTitle "EXT 2009"]
[Source "ChessBase"]
[SourceDate "2008.11.26"]
[SourceVersion "1"]
[SourceVersionDate "2008.11.26"]
[SourceQuality "1"]

1. Nf3 Nf6 2. c4 g6 3. d4 Bg7 4. Nc3 O-O 5. e4 d6 6. Bg5 c5 7. d5 Nbd7 8. g3 Qa5 9. Bh3 Nxe4 10. Qa4 Qxa4 11. Nxa4 Nxg5 12. Nxg5 Nb6 13. Nxb6 axb6 14. Bxc8 Rfxc8 15. a3 Bxb2 16. Rb1 Bc3+ 17. Ke2 Rxa3 18. Rxb6 Rb8 19. Rhb1 Bb4 20. Nh3 Ra6 21. Rb5 b6 22. Nf4 Ra5 23. Rxa5 bxa5 24. Nd3 e6 25. Nxb4 Rxb4 26. Ra1 a4 27. Ra2 e5 28. Kd3 Kg7 29. Rc2 Kf6 30. Ke4 Kg5 31. f4+ exf4 32. gxf4+ Kg4 33. Rg2+ Kh3 34. Rg5 Rxc4+ 35. Kf3 Kxh2 36. Kf2 Rxf4+ 37. Ke2 Rf5 38. Rg4 h5 39. Rxa4 Rxd5 40. Kf2 Rf5+ 41. Ke2 d5 42. Ra2 c4 43. Ke3+ Kg3 44. Ra1 Rf3+ 45. Ke2 Kf4 46. Rh1 Rd3 47. Rh4+ Kg5 48. Rh1 f5 49. Rg1+ Kf6 50. Kf2 h4 51. Re1 g5 52. Ra1 Kg6 53. Ra6+ Kh5 54. Ke2 Kg4 55. Kf2 d4 56. Ra4 c3 57. Ra2 Rd2+ 58. Kg1 Rxa2 59. Kf1 Kf3 60. Ke1 Rd2 0-1